Los comunistas en la resistencia nacional republicana (Record no. 23642)

MARC details
000 -LEADER
campo de control de longitud fija 00682nam a2200193 i 4500
001 - NÚMERO DE CONTROL
campo de control 23642
003 - IDENTIFICADOR DE NÚMERO DE CONTROL
campo de control ES-MaACL
005 - FECHA Y HORA DE LA ÚLTIMA TRANSACCIÓN
campo de control 20230906152917.0
007 - CAMPO FIJO DE DESCRIPCIÓN FÍSICA--INFORMACIÓN GENERAL
campo de control de longitud fija t|
008 - DATOS DE LONGITUD FIJA--INFORMACIÓN GENERAL
campo de control de longitud fija 021211s1978 sp ||||1| spa d
100 1# - ENTRADA PRINCIPAL--NOMBRE DE PERSONA
Nombre de persona Ambou, Juan.
9 (RLIN) 21169
245 14 - MENCIÓN DEL TÍTULO
Título Los comunistas en la resistencia nacional republicana
Resto del título : (la guerra en Asturias, el País Vasco y Santander) /
Mención de responsabilidad, etc. Juan Ambou.
260 ## - PUBLICACIÓN, DISTRIBUCIÓN, ETC.
Lugar de publicación, distribución, etc. Madrid :
Nombre del editor, distribuidor, etc. Hispamerca,
Fecha de publicación, distribución, etc. [1978]
300 ## - DESCRIPCIÓN FÍSICA
Extensión 341 p. ;
Dimensiones 21 cm.
650 04 - PUNTO DE ACCESO ADICIONAL DE MATERIA--TÉRMINO DE MATERIA
Término de materia o nombre geográfico como elemento de entrada Comunismo-
Subdivisión geográfica España-
Subdivisión cronológica 1931-1939.
9 (RLIN) 11218
651 #4 - PUNTO DE ACCESO ADICIONAL DE MATERIA--NOMBRE GEOGRÁFICO
Nombre geográfico España-
Subdivisión general Historia-
Subdivisión cronológica 1936-1939, Guerra civil-
Subdivisión de forma Relatos personales.
9 (RLIN) 8326
852 ## - LOCALIZACIÓN
Ubicación ES-MaACL
Número de control de estantería A-8848
Sublocalización o colección R.97931
852 ## - LOCALIZACIÓN
Ubicación ES-MaACL
Número de control de estantería A-9596
Sublocalización o colección R.98963
Holdings
Estatus retirado Estado de pérdida Estado de daño No para préstamo Biblioteca de origen Biblioteca actual Ubicación en estantería Fecha de adquisición Fuente de adquisición Total de préstamos Signatura topográfica completa Código de barras Visto por última vez Precio de reemplazo Tipo de ítem Koha
        Biblioteca del Ateneo de Madrid Biblioteca del Ateneo de Madrid Depósito 1 17/01/2008     A-9596 1024365 23/02/2023 23/02/2023 Libro impreso
        Biblioteca del Ateneo de Madrid Biblioteca del Ateneo de Madrid Depósito 1 17/01/2008     A-8848 1024364 23/02/2023 23/02/2023 Libro impreso